Normal view
MARC view
Entry Personal Name
001 - CONTROL NUMBER
- control field: 11281
003 - CONTROL NUMBER IDENTIFIER
- control field: BD-RjUL
005 - DATE AND TIME OF LATEST TRANSACTION
- control field: 20240130144518.0
008 - FIXED-LENGTH DATA ELEMENTS
- fixed length control field: 240130|| aca||aabn | a|a d
040 ## - CATALOGING SOURCE
- Original cataloging agency: BD-RjUL
- Transcribing agency: BD-RjUL
100 ## - HEADING--PERSONAL NAME
- Personal name: قریب٫ عبد الکریم ;; Qarib, Abdul Kareem
670 ## - SOURCE DATA FOUND
- Source citation: Work cat.: (BD-RjUL)82867: لسکایا٫ م۔ شاسکو ;; Laskaia m. Shasko 11278, بلورہا ;;Balurha /, 1956